000 00510nam a2200205Ia 4500
005 20251113233338.0
008 230125s9999 xx 000 0 und d
020 _a81-7446-527-8
041 _aeng
082 _a158.1
_bJAG
100 _aJagota S
_9214922
245 _aFoundation of Success
260 _c2007
_bExcel Books
_aNew Delhi
300 _a79p
500 _aPersonality Development,
650 _aPersonality Development
_9213420
700 _aJagota S
_9214922
906 _b15
942 _cBK
999 _c86390
_d86390